logo

Bir Sreshtho Munshi Abdur Rouf Library
Jhenaidah Cadet College

Edmund Burke / (Record no. 8966)

MARC details
000 -LEADER
fixed length control field 00847cam a2200265 a 4500
001 - CONTROL NUMBER
JCCL Control Number 8966
003 - CONTROL NUMBER IDENTIFIER
JCCL marc code BD-JhCC
005 - DATE AND TIME OF LATEST TRANSACTION
control field 20180716192008.0
008 - FIXED-LENGTH DATA ELEMENTS--GENERAL INFORMATION
fixed length control field 180716s1962 enk b 001 0 eng
035 ## - SYSTEM CONTROL NUMBER
system control number (BD-JhCC)8966
040 ## - CATALOGING SOURCE
Original cataloging agency UKM
Transcribing agency UKM
Modifying agency BTCTA
-- YDXCP
-- BWKUK
-- BWK
-- BWX
-- DLC
-- BD-JhCC
041 ## - LANGUAGE CODE
Language code of Book eng
050 00 - LIBRARY OF CONGRESS CALL NUMBER
Classification number JC176
Item number .B825 2009
082 04 - DEWEY DECIMAL CLASSIFICATION NUMBER
Classification number 825
DDC Edition number 22
Author mark and Year ARN 1962
100 ## - MAIN ENTRY--PERSONAL NAME
Personal name Arnold, Hazlitt
245 00 - TITLE STATEMENT
Title Edmund Burke /
Statement of responsibility, etc selections with essays by Hazlitt Arnold
260 ## - PUBLICATION, DISTRIBUTION, ETC. (IMPRINT)
Place of publication, distribution, etc Farnham ;
-- Burlington, VT :
Name of publisher, distributor, etc Ashgate,
Date of publication, distribution, etc 1962
300 ## - PHYSICAL DESCRIPTION
Pagination xx, 469 p. ;
Dimensions 25 cm.
440 #0 -
Title International library of essays in the history of social and political thought
504 ## - BIBLIOGRAPHY, ETC. NOTE
Bibliography, etc Includes bibliographical references and index.
600 10 - SUBJECT ADDED ENTRY--PERSONAL NAME
Personal name Burke, Edmund,
Dates associated with a name 1729-1797.
650 ## - SUBJECT ADDED ENTRY--TOPICAL TERM
Topical term or geographic name as entry element English Literarture
942 ## - ADDED ENTRY ELEMENTS (KOHA)
Source of classification or shelving scheme Dewey Decimal Classification
Koha item type Books
Holdings
Source of classification or shelving scheme Damaged status Not for loan Home library Current library Shelving location Total Checkouts Full call number Barcode Date last seen Copy number Koha item type
Dewey Decimal Classification     JCC Rouf Library JCC Rouf Library General Stacks   825 EDM 1962 11983 03/06/2018 C - 1 Books

JCC Library | Contacts | JCC Home

Last Update on 23 September 2017
Copyright @ 2017-2020 JCC Rouf Library
Rouf Library, Jhenidah Cadet College (JCC), Bangladesh